[Event "Eurasia Open Cup 2018"]
[Site "Jekaterienburg"]
[Date "2018.08.04"]
[Round "4"]
[White "Khanin, Semen"]
[Black "Fokin, Sergey"]
[Result "0-1"]
[WhiteElo "2494"]
[BlackElo "2186"]
[Annotator "ChessBase"]
[PlyCount "112"]
[EventDate "2018.08.01"]
[EventType "swiss"]
[EventCountry "RUS"]
[SourceTitle "playchess.com"]
[Source "ChessBase"]
[SourceQuality "1"]
[TimeControl "5400+30"]

1. e4 {[%emt 0:00:00]} c5 {[%emt 0:00:00]} 2. Nf3 {[%emt 0:00:00]} e6 {[%emt 0:00:00]} 3. d4 {[%emt 0:00:00]} cxd4 {[%emt 0:00:00]} 4. Nxd4 {[%emt 0:00:00]} a6 {[%emt 0:00:02]} 5. c4 {[%emt 0:00:00]} Nf6 {[%emt 0:00:07]} 6. Nc3 {[%emt 0:00:00]} Bb4 {[%emt 0:00:10]} 7. Qd3 {[%emt 0:00:00]} Qc7 {[%emt 0:00:14]} 8. a3 {[%emt 0:00:01]} Bxc3+ {[%emt 0:05:21]} 9. Qxc3 {[%emt 0:12:18]} Nxe4 {[%emt 0:03:34]} 10. Nb5 {[%emt 0:00:14]} axb5 {[%emt 0:08:54]} 11. Qxg7 {[%emt 0:00:00]} Rf8 {[%emt 0:05:20]} 12. Bh6 {[%emt 0:00:59]} Qc5 {[%emt 0:00:37]} 13. f3 {[%emt 0:00:31]} bxc4 {[%emt 0:00:59]} 14. fxe4 {[%emt 0:00:29]} b5 {[%emt 0:19:16]} 15. Qxh7 {[%emt 0:01:20]} Bb7 {[%emt 0:08:03]} 16. Be2 {[%emt 0:21:35]} Nc6 {[%emt 0:11:21]} 17. Bxf8 {[%emt 0:01:45]} Kxf8 {[%emt 0:02:55]} 18. Rf1 {[%emt 0:02:19]} Ne5 {[%emt 0:00:10]} 19. Rd1 {[%emt 0:00:30]} d6 {[%emt 0:00:33]} 20. Qh6+ {[%emt 0:18:30]} Ke7 {[%emt 0:09:54]} 21. Qg5+ {[%emt 0:00:05]} Ke8 {[%emt 0:02:02]} 22. Qd2 {[%emt 0:00:11]} Ke7 {[%emt 0:00:08]} 23. Qd4 {[%emt 0:00:42]} Qxd4 {[%emt 0:04:48]} 24. Rxd4 {[%emt 0:02:56]} Nd7 {[%emt 0:00:45]} 25. Bf3 {[%emt 0:10:21]} e5 {[%emt 0:00:49]} 26. Rd2 {[%emt 0:00:38]} Nc5 {[%emt 0:00:27]} 27. Rdf2 {[%emt 0:03:25]} f6 {[%emt 0:00:25]} 28. Kd2 {[%emt 0:00:16]} Bxe4 {[%emt 0:00:13]} 29. Ke3 {[%emt 0:17:10]} d5 {[%emt 0:03:23]} 30. Bxe4 {[%emt 0:05:25]} Nxe4 {[%emt 0:00:35]} 31. Rf3 {[%emt 0:01:46]} b4 {[%emt 0:00:19]} 32. axb4 {[%emt 0:00:03]} Ra4 {[%emt 0:00:08]} 33. b3 {[%emt 0:00:23]} cxb3 {[%emt 0:02:32]} 34. Rb1 {[%emt 0:00:41]} Rxb4 {[%emt 0:00:09]} 35. Ke2 {[%emt 0:01:09]} Nc5 {[%emt 0:00:19]} 36. Rc3 {[%emt 0:00:30]} Kd6 {[%emt 0:00:44]} 37. Rf3 {[%emt 0:01:07]} Ke6 {[%emt 0:00:55]} 38. Rc3 {[%emt 0:00:16]} Rb5 {[%emt 0:00:21]} 39. h4 {[%emt 0:00:04]} d4 {[%emt 0:02:37]} 40. Rh3 {[%emt 0:00:16]} b2 {[%emt 0:00:06]} 41. Kd2 {[%emt 0:00:13]} e4 {[%emt 0:00:12]} 42. h5 {[%emt 0:00:13]} e3+ {[%emt 0:00:56]} 43. Kc2 {[%emt 0:00:55]} Kd5 {[%emt 0:00:34]} 44. h6 {[%emt 0:00:58]} d3+ {[%emt 0:03:43]} 45. Kd1 {[%emt 0:00:04]} Ne4 {[%emt 0:02:05]} 46. Rxe3 {[%emt 0:00:20]} Nc3+ {[%emt 0:02:02]} 47. Ke1 {[%emt 0:00:03]} Nxb1 {[%emt 0:01:05]} 48. Rxd3+ {[%emt 0:01:30]} Kc4 {[%emt 0:00:14]} 49. h7 {[%emt 0:00:03]} Nc3 {[%emt 0:00:13]} 50. Kd2 {[%emt 0:00:35]} Ne4+ {[%emt 0:00:34]} 51. Ke3 {[%emt 0:00:04]} b1=Q {[%emt 0:00:21]} 52. Rd4+ {[%emt 0:00:07]} Kc5 {[%emt 0:01:26]} 53. h8=Q {[%emt 0:00:04]} Rb3+ {[%emt 0:00:10]} 54. Kf4 {[%emt 0:00:06]} Kxd4 {[%emt 0:00:17]} 55. Qd8+ {[%emt 0:00:05]} Kc3 {[%emt 0:00:15]} 56. Qa5+ {[%emt 0:00:04]} Kb2 {[%emt 0:00:39]} 0-1

[Event "Eurasia Open Cup 2018"]
[Site "Jekaterienburg"]
[Date "2018.08.04"]
[Round "4"]
[White "Drygalov, Andrey"]
[Black "Sichinava, Zviad"]
[Result "1-0"]
[WhiteElo "2450"]
[BlackElo "2319"]
[Annotator "TA"]
[PlyCount "85"]
[EventDate "2018.08.01"]
[EventType "swiss"]
[EventCountry "RUS"]
[SourceTitle "playchess.com"]
[Source "ChessBase"]
[SourceQuality "1"]

{[%evp 9,85,33,35,33,28,37,33,33,46,43,48,12,12,-1,32,29,24,21,21,30,27,28,45,27,17,21,16,17,47,50,111,70,75,65,54,47,132,126,146,138,259,245,256,235,253,72,87,79,81,85,121,121,114,114,114,114,114,114,121,117,214,186,978,970,655,683,331,6,0,0,123,129,423,397,499,109,1383,1374]} 1. d4 Nf6 2. c4 Nc6 3. Nf3 e6 4. a3 g6 5. Nc3 Bg7 {LiveBook: 43 Games} 6. e3 {E10: Blumenfeld Gambit} (6. Bf4 d6 7. h3 O-O 8. e3 h6 9. Be2 b6 10. O-O Bb7 11. Qc2 Ne7 12. Rad1 a6 {1-0 (37) Korotylev,A (2573)-Bologan,V (2615) Moscow 2017}) 6... O-O 7. Be2 a5 $146 ({Predecessor:} 7... d6 8. O-O e5 9. d5 Ne7 10. b4 c6 11. Qb3 cxd5 12. cxd5 {½-½ (36) Scharping,H-Fischer,K Passau 1997}) 8. O-O {White is slightly better.} d6 9. b3 e5 10. Bb2 (10. d5 $5 {[%cal Rd5c6]} Nb8 11. e4 $14) 10... exd4 11. Nxd4 Ne5 12. Qc2 c6 13. h3 Re8 14. Rfd1 Qe7 15. b4 Be6 16. Nxe6 Qxe6 17. Na4 axb4 18. axb4 Rad8 19. Bd4 d5 ({Black should play} 19... Ra8 $14) 20. cxd5 Nxd5 21. Qb2 Qf5 22. b5 Bf8 (22... Nc7 $14) 23. Nc5 $16 Bxc5 24. Bxc5 b6 (24... Rb8 $16 {was called for.} 25. Bd4 Nf6) 25. Bd4 $18 c5 26. Bxe5 $1 Rxe5 27. Bg4 $2 (27. Bc4 $18 {and White stays clearly on top.}) 27... Qf6 $16 28. Ra6 Rd6 {[#]} 29. Qd2 $1 Re8 30. Bf3 $36 {[%mdl 2048] Keeping Black busy.} Red8 {...Nc3 is the strong threat.} 31. Bxd5 Rxd5 32. Qxd5 Rxd5 33. Rxd5 {[%mdl 4096] Endgame KQ-KRR} Qc3 34. Rd1 Qf6 (34... Qb3 $16 {keeps fighting.} 35. Rd8+ Kg7) 35. Ra7 $18 Qb2 $2 (35... c4 36. Rc1 Qf5) 36. Rdd7 Qb1+ 37. Kh2 Qf5 38. f4 $2 (38. Rxf7 $18 Qxf7 39. Rxf7 Kxf7 40. Kg1) 38... c4 $11 39. Rac7 Qe6 {[#]} (39... h5 $11 {remains equal.}) 40. Re7 $1 $16 {[%cal Re7e6]} Qf5 $2 {[%mdl 8192]} (40... Qd5 $16 41. Re5 (41. e4 Qd4 $11) 41... Qd8 42. Rxc4 h5) 41. Rxc4 $18 Qxb5 42. Rcc7 $2 (42. Rc8+ $18 {and the rest is easy.} Kg7 43. Rcc7) 42... Qf5 $2 {[%mdl 8192]} (42... Qe2 $16) 43. Rxf7 {Precision: White = 57%, Black = 31%.} 1-0

[Event "Eurasia Open Cup 2018"]
[Site "Jekaterienburg"]
[Date "2018.08.04"]
[Round "4"]
[White "Kopylov, Alexander A."]
[Black "Grachev, Alexey"]
[Result "1-0"]
[WhiteElo "2421"]
[BlackElo "2277"]
[Annotator "NA"]
[PlyCount "129"]
[EventDate "2018.08.01"]
[EventType "swiss"]
[EventCountry "RUS"]
[SourceTitle "playchess.com"]
[Source "ChessBase"]
[SourceQuality "1"]
[TimeControl "5400+30"]

1. d4 {[%emt 0:00:00]} d5 {[%emt 0:00:10]} 2. c4 {[%emt 0:00:59]} c6 {[%emt 0:00:13]} 3. Nf3 {[%emt 0:00:14]} Nf6 {[%emt 0:00:06]} 4. e3 {[%emt 0:00:13]} Bf5 {[%emt 0:00:11]} 5. Nc3 {[%emt 0:00:13]} e6 {[%emt 0:00:06]} 6. Nh4 {[%emt 0:01:26]} Be4 {[%emt 0:00:13]} 7. f3 {[%emt 0:00:37]} Bg6 {[%emt 0:00:05]} 8. Qb3 {[%emt 0:00:23]} Qc7 {[%emt 0:00:08]} 9. Bd2 {[%emt 0:00:48]} Be7 {[%emt 0:00:07]} 10. Rc1 {[%emt 0:06:39]} Nbd7 {[%emt 0:01:12]} 11. g3 {[%emt 0:09:09]} Nb6 {[%emt 0:20:34]} 12. cxd5 $14 {[%emt 0:18:59]} Nfxd5 {[%emt 0:08:51]} 13. Nxg6 {[%emt 0:07:30]} hxg6 {[%emt 0:00:03]} 14. Ne2 {[%emt 0:00:11]} a5 {[%emt 0:05:09]} 15. a3 {[%emt 0:00:07]} a4 {[%emt 0:00:55]} 16. Qa2 {[%emt 0:06:15]} e5 {[%emt 0:12:54]} 17. e4 {[%emt 0:03:14]} Nf6 {[%emt 0:00:14]} 18. d5 {[%emt 0:12:12]} Nbd7 {[%emt 0:01:10]} 19. dxc6 {[%emt 0:01:04]} bxc6 {[%emt 0:00:13]} 20. Qc4 {[%emt 0:00:41]} Nc5 {[%emt 0:05:40]} 21. Bb4 {[%emt 0:00:20]} Nfd7 {[%emt 0:00:20]} 22. h4 {[%emt 0:09:21]} Rd8 {[%emt 0:16:21]} 23. Qc3 {[%emt 0:00:14]} Qd6 {[%emt 0:08:17]} 24. Rd1 {[%emt 0:00:53]} Qe6 {[%emt 0:00:00]} 25. Bh3 {[%emt 0:00:42]} f5 {[%emt 0:01:28]} 26. Qc2 {[%emt 0:01:53]} Rf8 {[%emt 0:01:57]} 27. O-O {[%emt 0:01:04]} Qb3 {[%emt 0:01:46]} 28. Qxb3 {[%emt 0:01:12]} axb3 {[%emt 0:00:00]} 29. exf5 {[%emt 0:01:23]} gxf5 {[%emt 0:00:03]} 30. Nc1 {[%emt 0:00:58]} Rb8 {[%emt 0:03:21]} 31. Rfe1 {[%emt 0:00:41]} Ne6 {[%emt 0:01:56]} 32. Bxe7 {[%emt 0:01:29]} Kxe7 {[%emt 0:00:01]} 33. Re3 {[%emt 0:00:32]} Nec5 {[%emt 0:01:04]} 34. Nd3 {[%emt 0:00:33]} Nxd3 {[%emt 0:01:17]} 35. Rdxd3 {[%emt 0:00:04]} g6 {[%emt 0:01:31]} 36. Rxb3 {[%emt 0:00:06]} Rxb3 {[%emt 0:01:05]} 37. Rxb3 {[%emt 0:00:01]} Nc5 {[%emt 0:00:08]} 38. Rb6 {[%emt 0:01:42]} Kd6 {[%emt 0:00:14]} 39. b4 {[%emt 0:00:09]} Nb3 {[%emt 0:01:44]} 40. a4 {[%emt 0:00:14]} Kc7 {[%emt 0:00:14]} 41. a5 {[%emt 0:00:25]} Nd2 {[%emt 0:05:51]} 42. Kf2 {[%emt 0:00:04]} e4 {[%emt 0:00:38]} 43. fxe4 {[%emt 0:01:50]} fxe4+ {[%emt 0:00:03]} 44. Ke2 {[%emt 0:00:02]} Nc4 {[%emt 0:01:02]} 45. Ra6 {[%emt 0:00:03]} Rf3 {[%emt 0:01:33]} 46. Ra7+ {[%emt 0:01:16]} Kb8 {[%emt 0:00:50]} 47. Re7 {[%emt 0:00:18]} Rb3 {[%emt 0:01:04]} 48. Rxe4 {[%emt 0:00:39]} Rxb4 {[%emt 0:00:05]} 49. a6 {[%emt 0:00:37]} Rb2+ {[%emt 0:00:29]} 50. Kd3 {[%emt 0:00:23]} Nd6 {[%emt 0:00:01]} 51. Rg4 {[%emt 0:00:32]} Rb3+ {[%emt 0:01:22]} 52. Kc2 {[%emt 0:00:06]} Re3 {[%emt 0:00:26]} 53. Rxg6 {[%emt 0:00:47]} Ne4 {[%emt 0:00:00]} 54. h5 {[%emt 0:00:48]} Rc3+ {[%emt 0:00:18]} 55. Kb2 {[%emt 0:00:05]} Rc5 {[%emt 0:00:25]} 56. h6 {[%emt 0:00:33]} Rh5 {[%emt 0:00:09]} 57. Bf1 {[%emt 0:00:53]} Rh1 {[%emt 0:00:45]} 58. Rg8+ {[%emt 0:00:33]} Ka7 {[%emt 0:00:12]} 59. Rg7+ {[%emt 0:00:03]} Kb8 {[%emt 0:00:32]} 60. h7 {[%emt 0:00:14]} Rh2+ {[%emt 0:00:16]} 61. Ka3 {[%emt 0:00:12]} Nxg3 {[%emt 0:00:23]} 62. Bg2 {[%emt 0:00:27]} Rh6 {[%emt 0:00:24]} 63. a7+ {[%emt 0:00:14]} Ka8 {[%emt 0:00:03]} 64. h8=R+ {[%emt 0:00:12]} Rxh8 {[%emt 0:00:04]} 65. Bxc6# {[%emt 0:00:04]} 1-0

[Event "Eurasia Open Cup 2018"]
[Site "Jekaterienburg"]
[Date "2018.08.04"]
[Round "4"]
[White "Looshnikov, Nikolai"]
[Black "Maletina, Tatiana"]
[Result "0-1"]
[WhiteElo "2404"]
[BlackElo "2231"]
[Annotator "NA"]
[PlyCount "114"]
[EventDate "2018.08.01"]
[EventType "swiss"]
[EventCountry "RUS"]
[SourceTitle "playchess.com"]
[Source "ChessBase"]
[SourceQuality "1"]
[TimeControl "5400+30"]

1. e4 {[%emt 0:00:00]} e6 {[%emt 0:00:00]} 2. d4 {[%emt 0:00:00]} d5 {[%emt 0:00:00]} 3. Nc3 {[%emt 0:00:00]} Bb4 {[%emt 0:00:00]} 4. exd5 {[%emt 0:00:00]} exd5 {[%emt 0:00:00]} 5. Bd3 {[%emt 0:00:00]} Nf6 {[%emt 0:00:42]} 6. Nge2 {[%emt 0:00:19]} O-O {[%emt 0:00:56]} 7. Bg5 {[%emt 0:01:35]} Be7 {[%emt 0:02:54]} 8. Qd2 {[%emt 0:05:10]} c6 {[%emt 0:07:00]} 9. O-O-O {[%emt 0:01:35]} b5 {[%emt 0:01:29]} 10. Ng3 {[%emt 0:00:48]} Be6 {[%emt 0:05:36]} 11. Rhe1 {[%emt 0:15:46]} Nbd7 {[%emt 0:03:17]} 12. Bf5 {[%emt 0:12:40]} b4 $14 {[%emt 0:14:53]} (12... Ne8 $5 {[%cal Re7g5]} 13. Bxe7 Qxe7 $11) 13. Nb1 {[%emt 0:10:52]} Ne8 {[%emt 0:17:47]} 14. h4 {[%emt 0:04:35]} Nc7 {[%emt 0:02:24]} 15. Bxe7 {[%emt 0:13:38]} Qxe7 {[%emt 0:00:05]} 16. Qf4 {[%emt 0:00:05]} Nf6 {[%emt 0:02:02]} 17. Bd3 {[%emt 0:00:16]} Qd8 {[%emt 0:03:43]} 18. Re5 {[%emt 0:01:56]} Qd6 {[%emt 0:07:07]} 19. Rde1 {[%emt 0:08:40]} Ng4 {[%emt 0:09:38]} 20. Rf5 {[%emt 0:05:55]} Qxf4+ {[%emt 0:00:19]} 21. Rxf4 {[%emt 0:00:01]} Nf6 {[%emt 0:00:11]} 22. Rf3 {[%emt 0:00:57]} a5 {[%emt 0:07:10]} 23. a4 {[%emt 0:02:37]} bxa3 {[%emt 0:04:41]} 24. Nxa3 {[%emt 0:00:50]} Rfb8 {[%emt 0:00:35]} 25. c3 {[%emt 0:09:35]} Rb6 {[%emt 0:00:05]} 26. Rfe3 {[%emt 0:01:19]} Rab8 {[%emt 0:00:29]} 27. R3e2 {[%emt 0:00:15]} Kf8 {[%emt 0:00:44]} 28. Nf5 {[%emt 0:02:09]} g6 {[%emt 0:02:31]} 29. Ne3 {[%emt 0:00:11]} Rb3 {[%emt 0:00:16]} 30. Nd1 {[%emt 0:00:19]} Nce8 {[%emt 0:00:00]} 31. Bc2 {[%emt 0:00:19]} R3b6 {[%emt 0:00:37]} 32. f3 {[%emt 0:01:11]} Nd6 {[%emt 0:00:55]} 33. g4 {[%emt 0:00:10]} h5 {[%emt 0:00:42]} 34. g5 {[%emt 0:00:23]} Nfe8 {[%emt 0:04:07]} 35. Bxg6 {[%emt 0:00:08]} Ng7 {[%emt 0:00:00]} 36. Bc2 {[%emt 0:00:26]} Bf5 {[%emt 0:00:39]} 37. Rh2 {[%emt 0:03:06]} R6b7 {[%emt 0:01:36]} 38. Re5 {[%emt 0:00:18]} Bxc2 {[%emt 0:00:08]} 39. Kxc2 {[%emt 0:00:02]} Ne6 {[%emt 0:01:07]} 40. Re1 {[%emt 0:01:14]} Nf4 {[%emt 0:00:09]} 41. Kd2 {[%emt 0:00:32]} Rxb2+ {[%emt 0:01:36]} 42. Nxb2 {[%emt 0:00:00]} Rxb2+ {[%emt 0:00:04]} 43. Ke3 {[%emt 0:00:49]} Rxh2 {[%emt 0:01:04]} 44. Kxf4 {[%emt 0:00:02]} Ra2 {[%emt 0:02:05]} 45. Nb1 {[%emt 0:00:19]} a4 {[%emt 0:00:26]} 46. c4 {[%emt 0:00:29]} Nxc4 {[%emt 0:00:32]} 47. Nc3 {[%emt 0:00:19]} Ra3 {[%emt 0:00:03]} 48. Rc1 {[%emt 0:00:18]} Kg7 {[%emt 0:00:31]} 49. Kf5 {[%emt 0:01:01]} Rb3 {[%emt 0:00:05]} 50. f4 {[%emt 0:00:22]} a3 {[%emt 0:00:12]} 51. g6 {[%emt 0:00:44]} fxg6+ {[%emt 0:01:15]} 52. Ke6 {[%emt 0:00:04]} Nd2 {[%emt 0:00:56]} 53. f5 {[%emt 0:01:36]} gxf5 {[%emt 0:00:04]} 54. Rg1+ {[%emt 0:00:13]} Kh7 {[%emt 0:00:06]} 55. Kf7 {[%emt 0:00:43]} Rb7+ {[%emt 0:00:31]} 56. Kf8 {[%emt 0:00:12]} Ne4 {[%emt 0:00:11]} 57. Ne2 {[%emt 0:00:36]} Nd6 {[%emt 0:00:04]} 0-1

[Event "Eurasia Open Cup 2018"]
[Site "Jekaterienburg"]
[Date "2018.08.04"]
[Round "4"]
[White "Ivanov, Andrew"]
[Black "Lysenko, Margarita"]
[Result "1/2-1/2"]
[WhiteElo "2398"]
[BlackElo "2215"]
[Annotator "NA"]
[PlyCount "80"]
[EventDate "2018.08.01"]
[EventType "swiss"]
[EventCountry "RUS"]
[SourceTitle "playchess.com"]
[Source "ChessBase"]
[SourceQuality "1"]
[TimeControl "5400+30"]

1. d4 {[%emt 0:00:00]} Nf6 {[%emt 0:00:12]} 2. c4 {[%emt 0:00:07]} g6 {[%emt 0:00:06]} 3. g3 {[%emt 0:00:13]} Bg7 {[%emt 0:00:19]} 4. Bg2 {[%emt 0:00:04]} O-O {[%emt 0:02:27]} 5. Nf3 {[%emt 0:00:05]} c6 {[%emt 0:00:20]} 6. O-O {[%emt 0:00:07]} d5 {[%emt 0:00:06]} 7. b3 {[%emt 0:00:03]} b6 {[%emt 0:05:54]} 8. Nc3 {[%emt 0:07:30]} Bb7 {[%emt 0:02:35]} 9. Bb2 {[%emt 0:07:32]} Nbd7 {[%emt 0:16:04]} 10. Rc1 {[%emt 0:03:59]} e6 {[%emt 0:08:53]} 11. Qc2 {[%emt 0:10:14]} Qe7 $11 {[%emt 0:14:42]} 12. Nd2 {[%emt 0:09:00]} Rfd8 {[%emt 0:04:58]} 13. Rfd1 {[%emt 0:04:41]} Rac8 {[%emt 0:03:40]} 14. e4 {[%emt 0:01:02]} dxe4 {[%emt 0:01:24]} 15. Ndxe4 {[%emt 0:00:12]} Nxe4 {[%emt 0:01:33]} 16. Nxe4 {[%emt 0:00:06]} Nf6 {[%emt 0:04:32]} 17. Nxf6+ {[%emt 0:11:49]} Bxf6 {[%emt 0:01:59]} 18. c5 {[%emt 0:00:25]} Rd7 {[%emt 0:13:11]} 19. Rd2 {[%emt 0:03:55]} Rcd8 {[%emt 0:03:16]} 20. cxb6 {[%emt 0:01:26]} axb6 {[%emt 0:01:48]} 21. Rcd1 {[%emt 0:06:30]} h5 {[%emt 0:04:14]} 22. h4 {[%emt 0:02:47]} Bg7 {[%emt 0:01:02]} 23. Be4 {[%emt 0:01:53]} Kh7 {[%emt 0:02:31]} 24. Qc4 {[%emt 0:02:36]} f5 {[%emt 0:02:20]} 25. Bf3 {[%emt 0:00:20]} e5 {[%emt 0:00:26]} 26. Bxc6 {[%emt 0:01:42]} Bxc6 {[%emt 0:00:49]} 27. Qxc6 {[%emt 0:00:05]} exd4 {[%emt 0:00:55]} 28. Qf3 {[%emt 0:02:27]} Qe4 {[%emt 0:01:06]} 29. Kg2 {[%emt 0:00:26]} b5 {[%emt 0:00:26]} 30. a3 {[%emt 0:02:36]} Rd6 {[%emt 0:00:56]} 31. Rd3 {[%emt 0:00:30]} R8d7 {[%emt 0:00:25]} 32. R1d2 {[%emt 0:00:33]} Rd5 {[%emt 0:00:26]} 33. Re2 {[%emt 0:00:21]} Qxf3+ {[%emt 0:00:08]} 34. Kxf3 {[%emt 0:00:06]} Rc7 {[%emt 0:00:31]} 35. Red2 {[%emt 0:00:17]} Rcd7 {[%emt 0:00:45]} 36. Rc2 {[%emt 0:01:02]} Re7 {[%emt 0:00:20]} 37. Rcd2 {[%emt 0:00:28]} Red7 {[%emt 0:00:17]} 38. Rc2 {[%emt 0:00:12]} Re7 {[%emt 0:00:08]} 39. Rcd2 {[%emt 0:00:08]} Red7 {[%emt 0:00:07]} 40. Rc2 {[%emt 0:00:09]} Re7 {[%emt 0:00:06]} 1/2-1/2

[Event "Eurasia Open Cup 2018"]
[Site "Jekaterienburg"]
[Date "2018.08.04"]
[Round "4"]
[White "Tomilova, Elena"]
[Black "Matsenko, Sergei"]
[Result "0-1"]
[WhiteElo "2332"]
[BlackElo "2533"]
[Annotator "ChessBase"]
[PlyCount "116"]
[EventDate "2018.08.01"]
[EventType "swiss"]
[EventCountry "RUS"]
[SourceTitle "playchess.com"]
[Source "ChessBase"]
[SourceQuality "1"]
[TimeControl "5400+30"]

1. d4 {[%emt 0:00:00]} e6 {[%emt 0:00:00]} 2. Nf3 {[%emt 0:00:00]} Nf6 {[%emt 0:00:00]} 3. Bf4 {[%emt 0:00:00]} b6 {[%emt 0:02:27]} 4. e3 {[%emt 0:00:22]} Bb7 {[%emt 0:06:57]} 5. h3 {[%emt 0:00:12]} Bd6 {[%emt 0:00:42]} 6. Bxd6 {[%emt 0:04:10]} cxd6 {[%emt 0:00:09]} 7. Nbd2 {[%emt 0:00:35]} O-O {[%emt 0:04:43]} 8. c3 {[%emt 0:00:02]} d5 {[%emt 0:02:17]} 9. Bd3 {[%emt 0:00:57]} d6 {[%emt 0:00:06]} 10. O-O {[%emt 0:00:17]} Nbd7 {[%emt 0:00:07]} 11. Rc1 {[%emt 0:08:57]} e5 {[%emt 0:02:08]} 12. Bb1 {[%emt 0:00:19]} Re8 {[%emt 0:10:39]} 13. Re1 {[%emt 0:05:25]} Rc8 {[%emt 0:04:03]} 14. Nh2 {[%emt 0:03:24]} h5 {[%emt 0:02:53]} 15. Qf3 {[%emt 0:04:50]} g6 {[%emt 0:07:24]} 16. Qg3 {[%emt 0:02:37]} Ne4 {[%emt 0:05:26]} 17. Nxe4 {[%emt 0:01:38]} dxe4 {[%emt 0:00:26]} 18. f4 {[%emt 0:01:31]} Qf6 {[%emt 0:13:17]} 19. fxe5 {[%emt 0:14:10]} dxe5 {[%emt 0:00:57]} 20. Rf1 {[%emt 0:00:04]} Qe6 {[%emt 0:00:46]} 21. Rcd1 {[%emt 0:01:13]} Kg7 {[%emt 0:11:19]} 22. Rf2 {[%emt 0:17:01]} f5 {[%emt 0:03:59]} 23. Rfd2 {[%emt 0:01:25]} Nf6 {[%emt 0:02:17]} 24. dxe5 {[%emt 0:01:36]} Nd5 {[%emt 0:03:54]} 25. Nf1 {[%emt 0:02:35]} Qxe5 {[%emt 0:00:22]} 26. Qg5 {[%emt 0:00:05]} Rc7 {[%emt 0:10:04]} 27. Ng3 {[%emt 0:01:26]} Kf7 {[%emt 0:01:34]} 28. h4 {[%emt 0:05:28]} Nf6 {[%emt 0:00:37]} 29. Bc2 {[%emt 0:00:39]} Ba6 {[%emt 0:00:55]} 30. Bb3+ {[%emt 0:03:58]} Bc4 {[%emt 0:00:00]} 31. Bxc4+ {[%emt 0:00:52]} Rxc4 {[%emt 0:00:07]} 32. Ne2 {[%emt 0:00:26]} Rc6 {[%emt 0:04:30]} 33. Nf4 {[%emt 0:03:51]} Ng4 {[%emt 0:00:02]} 34. Rd7+ {[%emt 0:09:49]} Re7 {[%emt 0:00:01]} 35. R1d5 {[%emt 0:00:51]} Qf6 {[%emt 0:00:40]} 36. Nh3 {[%emt 0:01:50]} Rxd7 {[%emt 0:00:56]} 37. Rxd7+ {[%emt 0:00:13]} Ke8 {[%emt 0:00:06]} 38. Rd4 {[%emt 0:01:40]} Qxg5 {[%emt 0:00:15]} 39. Nxg5 {[%emt 0:00:09]} Ke7 {[%emt 0:00:35]} 40. Nh3 {[%emt 0:01:39]} Nxe3 {[%emt 0:00:13]} 41. Nf4 {[%emt 0:00:01]} Ng4 {[%emt 0:00:33]} 42. Kf1 {[%emt 0:00:36]} Ne5 {[%emt 0:00:28]} 43. Rd5 {[%emt 0:01:34]} Nc4 {[%emt 0:00:05]} 44. Rb5 {[%emt 0:00:50]} Rd6 {[%emt 0:00:11]} 45. Ke1 {[%emt 0:00:26]} Kd7 {[%emt 0:01:30]} 46. b3 {[%emt 0:00:33]} Na3 {[%emt 0:00:44]} 47. Re5 {[%emt 0:00:24]} Nb1 {[%emt 0:00:33]} 48. Ne2 {[%emt 0:00:53]} Rd3 {[%emt 0:00:41]} 49. c4 {[%emt 0:00:28]} Nc3 {[%emt 0:00:14]} 50. Nf4 {[%emt 0:00:35]} Rd1+ {[%emt 0:00:25]} 51. Kf2 {[%emt 0:00:01]} Rd6 {[%emt 0:00:09]} 52. a4 {[%emt 0:00:23]} a5 {[%emt 0:00:56]} 53. Ke3 {[%emt 0:01:05]} Kc6 {[%emt 0:00:43]} 54. Ne6 {[%emt 0:00:48]} Rd3+ {[%emt 0:00:44]} 55. Kf4 {[%emt 0:00:19]} Kd6 {[%emt 0:00:06]} 56. c5+ {[%emt 0:01:45]} bxc5 {[%emt 0:00:02]} 57. Nxc5 {[%emt 0:00:07]} Ne2+ {[%emt 0:00:06]} 58. Kg5 {[%emt 0:00:05]} Kxe5 {[%emt 0:00:06]} 0-1

[Event "Eurasia Open Cup 2018"]
[Site "Jekaterienburg"]
[Date "2018.08.04"]
[Round "4"]
[White "Tsybikov, Tumen"]
[Black "Makhmutov, Rail"]
[Result "1-0"]
[WhiteElo "2272"]
[BlackElo "2416"]
[Annotator "NA"]
[PlyCount "53"]
[EventDate "2018.08.01"]
[EventType "swiss"]
[EventCountry "RUS"]
[SourceTitle "playchess.com"]
[Source "ChessBase"]
[SourceQuality "1"]
[TimeControl "5400+30"]

1. e4 {[%emt 0:00:00]} c6 {[%emt 0:00:00]} 2. d4 {[%emt 0:00:39]} d5 {[%emt 0:00:00]} 3. e5 {[%emt 0:00:05]} c5 {[%emt 0:00:05]} 4. dxc5 {[%emt 0:00:30]} e6 {[%emt 0:00:11]} 5. Nf3 {[%emt 0:00:11]} Bxc5 {[%emt 0:00:35]} 6. Bd3 {[%emt 0:00:03]} Nc6 {[%emt 0:00:33]} 7. O-O {[%emt 0:00:40]} f6 {[%emt 0:03:08]} 8. Bf4 {[%emt 0:08:45]} fxe5 {[%emt 0:02:42]} 9. Nxe5 {[%emt 0:00:35]} Nf6 {[%emt 0:00:46]} 10. Nd2 {[%emt 0:05:53]} O-O {[%emt 0:04:21]} 11. Bg3 {[%emt 0:04:15]} Bd4 {[%emt 0:04:47]} 12. Nxc6 {[%emt 0:02:31]} bxc6 {[%emt 0:00:01]} 13. c3 {[%emt 0:00:08]} Bb6 {[%emt 0:00:35]} 14. Nf3 {[%emt 0:00:45]} Nh5 {[%emt 0:12:03]} 15. Qc2 {[%emt 0:07:49]} Nf6 {[%emt 0:07:40]} (15... Nxg3 $11 16. Bxh7+ (16. hxg3 g6 $11) 16... Kh8 17. hxg3 Ba6) 16. Bh4 {[%emt 0:03:17]} Qc7 {[%emt 0:05:17]} 17. Rae1 $16 {[%emt 0:04:05]} (17. Rab1 {[%emt 0:04:05]}) (17. c4 $142) 17... Qf7 {[%emt 0:04:57]} 18. Bg3 {[%emt 0:01:36]} Qe7 {[%emt 0:06:33]} 19. Ne5 {[%emt 0:03:40]} c5 {[%emt 0:06:28]} 20. c4 {[%emt 0:02:19]} Bb7 {[%emt 0:01:09]} 21. Re3 {[%emt 0:12:25]} d4 {[%emt 0:05:16]} 22. Bh4 {[%emt 0:04:46]} Qd6 {[%emt 0:10:35]} 23. Bxf6 {[%emt 0:02:02]} Rxf6 {[%emt 0:00:14]} 24. Bxh7+ {[%emt 0:00:15]} Kf8 {[%emt 0:00:01]} 25. Re2 {[%emt 0:01:26]} Bc7 {[%emt 0:01:02]} 26. f4 {[%emt 0:03:12]} Ke7 {[%emt 0:04:27]} 27. Be4 {[%emt 0:03:31]} 1-0